000
00276nam a22001217a 4500
008
170927b xxu||||| |||| 00| 0 eng d
041
_a
ger
080
_a
37
100
_a
46
101
_a
EDU
245
_a
AKADEMIE DER WISSENSCHAFTEN DER DDR
_c
WANGERMANN,G
942
_2
udc
_c
BK
999
_c
30174
_d
30174